Konkurencieschopnosť v súradniciach globalizácie

Identifikácia bázických oblastí globalizácie. Aktivita a vplyv TNK na fungovanie svetovej ekonomiky. Uplatňovanie globálneho sourcingu. Sformovanie viacúrovňovej siete globálnej konkurencie. Posuny vo funkciách štátu, v úlohách a vo význame regiónov a lokalít. Rozvinutie viacúrovňovej hierarchickej...

Descrizione completa

Salvato in:
Dettagli Bibliografici
Autore principale: Šikula, Milan
Natura: Capitolo di libro
Lingua:slovacco
Soggetti:
Tags: Aggiungi Tag
Nessun Tag, puoi essere il primo ad aggiungerne!!

MARC

LEADER 00000naa$a2200000$$$4500
001 0052874
005 20231102110831.5
041 0 |a slo 
044 |a SK 
245 1 0 |a Konkurencieschopnosť v súradniciach globalizácie  |c Milan Šikula 
520 |a Identifikácia bázických oblastí globalizácie. Aktivita a vplyv TNK na fungovanie svetovej ekonomiky. Uplatňovanie globálneho sourcingu. Sformovanie viacúrovňovej siete globálnej konkurencie. Posuny vo funkciách štátu, v úlohách a vo význame regiónov a lokalít. Rozvinutie viacúrovňovej hierarchickej štruktúry konkurenčných vzťahov. Stratégie working better, working cheaper, offshoring, outsourcing ako súčasť globalizačných procesov. Východiská pre stratégiu globálnej konkurencieschopnosti. 
610 2 0 |a globalizácia 
610 2 0 |a internacionalizácia 
610 2 0 |a výhody komparatívne 
610 2 0 |a konkurencia medzinárodná 
610 2 0 |a outsourcing 
610 2 0 |a offshoring 
610 2 0 |a infraštruktúra 
100 1 |a Šikula, Milan